Možnosti modelovania koaličných vzťahov v teórii hier

Metodologické problémy modelovania situácii v teórii hier, ktoré obsahujú neantagonistický konflikt. Aplikácia Shapleyho hodnoty a metódy C-jadra pri riešení konfliktných situácií v rámci kooperatívnych hier v oblasti telekomunikačných firiem na Slovensku.

Salvato in:
Dettagli Bibliografici
Autore principale: Goga, Marián
Natura: Capitolo di libro
Lingua:slovacco
Soggetti:
Tags: Aggiungi Tag
Nessun Tag, puoi essere il primo ad aggiungerne!!

MARC

LEADER 00000naa a2200000 4500
001 0242149
005 20240502073936.3
041 0 |a slo 
044 |a SK 
245 1 0 |a Možnosti modelovania koaličných vzťahov v teórii hier  |c Marián Goga 
520 |a Metodologické problémy modelovania situácii v teórii hier, ktoré obsahujú neantagonistický konflikt. Aplikácia Shapleyho hodnoty a metódy C-jadra pri riešení konfliktných situácií v rámci kooperatívnych hier v oblasti telekomunikačných firiem na Slovensku. 
610 2 0 |a teória hier 
610 2 0 |a telekomunikácie 
610 2 0 |a Slovensko 
610 2 0 |a modely ekonometrické 
610 2 0 |a analýza ekonometrická 
100 1 |a Goga, Marián